Statistics for Rap Quiz

Click here to take the quiz!

General Stats

  • This quiz has been taken 26 times
  • The average score is 14 of 28

Answer Stats

HintAnswer% Correct
The Rap GodEminem
89%
One of the greatest rappers of all time, killed in 1996Tupac Shakur
89%
One of the greatest rappers of all time, killed in 1997Biggie
79%
Members included: Dr Dre, Eazy E and Ice CubeN.W.A.
74%
Ex-boyfriend of Rihanna, attacked herChris Brown
68%
City in LA area where Dr Dre, Eazy E, Kendrick Lamar and more are fromCompton
68%
Members include: Method Man, GZA, RZA and Ol' Dirty BastardWu-Tang Clan
63%
Gangsta's Paradise rapperCoolio
58%
Get Rich orDie Tryin'
58%
Genre of rap where words are not properly pronouncedMumble rap
58%
Weed-smoking rapper from Long BeachSnoop Dogg
58%
Arch enemy of Nicki Minaj, also a member of the above genreCardi B
53%
Record label of the aboveDeath Row Records
53%
Died in 2017, was Ariana Grande's boyfriendMac Miller
53%
Member of the above genre, died at an airport in 2019Juice Wrld
47%
Also a member of the above genre, died in 2017Lil Peep
47%
Probably responsible for the deaths of Biggie, Eazy E and TupacSuge Knight
47%
The amount of "issues" Jay-Z has99 Problems
42%
Eminem's surprise 2018 albumKamikaze
42%
Song the above did with Katy Perry ( hint: the state of LB is in the title )California Gurls
32%
Also known as Bobby Tarantino or Young SinatraLogic
32%
Has had a decade long beef with the above, was married to Mariah CareyNick Cannon
32%
Will Smith's former DJ from when he went by Fresh PrinceDJ Jazzy Jeff
26%
The Dog from YonkersDMX
26%
The Hip-Hop duo consisting of Eminem and Royce Da 5'9Bad Meets Evil
21%
Hip-Hop side project of Mike Shinoda of Linkin ParkFort Minor
21%
Hit song with Lil Jon, Ludacris and UsherYeah!
21%
DJ the above frequently collaborated withSwizz Beatz
5%

Score Distribution

Percentile by Number Answered

Percent of People with Each Score

Your Score History

You have not taken this quiz